| 000 | 00401nam a22001697a 4500 | ||
|---|---|---|---|
| 005 | 20160616142716.0 | ||
| 008 | 160616b xxu||||| |||| 00| 0 eng d | ||
| 020 | _a81-7036-830-8 | ||
| 041 | _aeng | ||
| 082 | _b8008 | ||
| 100 |
_aVilanilam, J.V _92129 |
||
| 245 | _aMore Effective communication | ||
| 260 |
_aDelhi _bpearson education |
||
| 300 | _a225 | ||
| 650 |
_aManagement _9241 |
||
| 942 | _cBK | ||
| 999 |
_c2977 _d2976 |
||